The Biomass Assessment Handbook : (Record no. 16418)
[ view plain ]
| 000 -LEADER | |
|---|---|
| fixed length control field | 01170cam a22002537a 4500 |
| 001 - CONTROL NUMBER | |
| control field | 15271634 |
| 005 - DATE AND TIME OF LATEST TRANSACTION | |
| control field | 20090827090857.0 |
| 008 - FIXED-LENGTH DATA ELEMENTS--GENERAL INFORMATION | |
| fixed length control field | 080422s2008 enka b 001 0 eng |
| 020 ## - INTERNATIONAL STANDARD BOOK NUMBER | |
| International Standard Book Number | 9781844075263 (pbk. : alk. paper) |
| 040 ## - CATALOGING SOURCE | |
| Original cataloging agency | DLC |
| Transcribing agency | DLC |
| Modifying agency | DLC |
| 082 00 - DEWEY DECIMAL CLASSIFICATION NUMBER | |
| Classification number | 662.88 |
| Edition number | 22 |
| Item number | BIO |
| 245 04 - TITLE STATEMENT | |
| Title | The Biomass Assessment Handbook : |
| Remainder of title | Bioenergy for a Sustainable Environment / |
| Statement of responsibility, etc | edited by Frank Rosillo-Calle ... [et al.]. |
| 250 ## - EDITION STATEMENT | |
| Edition statement | Pbk. ed. |
| 260 ## - PUBLICATION, DISTRIBUTION, ETC. (IMPRINT) | |
| Place of publication, distribution, etc | London ; |
| -- | Sterlling, VA : |
| Name of publisher, distributor, etc | Earthscan, |
| Date of publication, distribution, etc | 2008. |
| 300 ## - PHYSICAL DESCRIPTION | |
| Extent | xxiii, 269 p. : |
| Other physical details | ill. ; |
| Dimensions | 24 cm. |
| 504 ## - BIBLIOGRAPHY, ETC. NOTE | |
| Bibliography, etc | Includes bibliographical references and index. |
| 650 #0 - SUBJECT ADDED ENTRY--TOPICAL TERM | |
| Topical term or geographic name as entry element | Biomass |
| General subdivision | Measurement. |
| 9 (RLIN) | 28717 |
| 653 ## - INDEX TERM--UNCONTROLLED | |
| Resource For college | |
| -- | |
| Arrived date list | February2012 |
| 700 1# - ADDED ENTRY--PERSONAL NAME | |
| Personal name | Rosillo Calle, Francisco, |
| Dates associated with a name | 1945- |
| 9 (RLIN) | 28718 |
| 856 41 - ELECTRONIC LOCATION AND ACCESS | |
| Materials specified | Table of contents only |
| Uniform Resource Identifier | <a href="http://www.loc.gov/catdir/toc/fy0903/2008273320.html">http://www.loc.gov/catdir/toc/fy0903/2008273320.html</a> |
| 942 ## - ADDED ENTRY ELEMENTS (KOHA) | |
| Source of classification or shelving scheme | Dewey Decimal Classification |
| Item type | Book - Borrowing |
| Withdrawn status | Item status | Source of classification or shelving scheme | Damaged status | Not for loan | Vendor | Home library | Current library | Shelving location | Date acquired | Source of acquisition | Cost, normal purchase price | Serial Enumeration / chronology | Total Checkouts | Total Renewals | Full call number | Barcode | Date last seen | Date last borrowed | Koha item type |
|---|---|---|---|---|---|---|---|---|---|---|---|---|---|---|---|---|---|---|---|
| Dewey Decimal Classification | MERIC | Central Library | Central Library | First floor | 09/02/2012 | 432.00 | 13167 | 2 | 36 | 662.88 BIO | 000026028 | 15/07/2025 | 08/12/2014 | Book - Borrowing |